000
00351nam a22001217a 4500
003
SGT
082
_a
891.4309
_b
A78M
100
_a
मलकानी, के. आर.
245
_a
आधी रात कोई दस्तक देर रहा है
260
_b
प्रभात प्रकाशन
_c
1978
300
_a
150
942
_2
ddc
_c
BK
999
_c
32062
_d
32062